Chế Lan Viên người làm vườn vĩnh cửu
Tập hợp một số sáng tác của nhà thơ cũng nhơ các bài viết về Chế Lan Viên
Đã lưu trong:
| Tác giả chính: | |
|---|---|
| Định dạng: | Sách |
| Năm xuất bản: |
H.
Hội nhà văn
1995
|
| Chủ đề: | |
| Tags: |
Thêm thẻ
Không có thẻ, Hãy là người đầu tiên gắn thẻ bản ghi này!
|
| LEADER | 01041nam a2200193 4500 | ||
|---|---|---|---|
| 999 | |c 692 |d 692 | ||
| 082 | |a 895.922 134 |b CH250L | ||
| 100 | |a Phong Lan | ||
| 245 | |a Chế Lan Viên người làm vườn vĩnh cửu |c Phong Lan sưu tầm, tuyển chọn, bổ sung | ||
| 260 | |a H. |b Hội nhà văn |c 1995 | ||
| 300 | |a 495tr. |c 19cm | ||
| 520 | |a Tập hợp một số sáng tác của nhà thơ cũng nhơ các bài viết về Chế Lan Viên | ||
| 653 | |a Văn học hiện đại | ||
| 653 | |a Thế kỷ XX | ||
| 653 | |a Việt Nam | ||
| 653 | |a Thơ | ||
| 942 | |2 ddc |c STK0 | ||
| 952 | |0 0 |1 0 |2 ddc |4 0 |6 895_922000000000000_134_CH250L |7 0 |8 800 |9 14195 |a qbu |b qbu |c D5 |d 2014-11-23 |g 35000 |o 895.922 134 CH250L |p 5559.c1 |w 2014-11-23 |y STK0 |0 0 |6 895_922000000000000_134_CH250L |0 0 |6 895_922000000000000_134_CH250L | ||
| 952 | |0 0 |1 0 |2 ddc |4 0 |6 895_922000000000000_134_CH250L |7 0 |8 800 |9 97707 |a qbu |b qbu |c D5 |d 2015-11-04 |g 35000 |l 1 |m 1 |o 895.922 134 CH250L |p 5559.c2 |r 2016-05-10 |s 2016-04-22 |w 2015-11-04 |y STK0 |0 0 |6 895_922000000000000_134_CH250L |0 0 |6 895_922000000000000_134_CH250L | ||